| 000 | 00735cam a2200253 i 4500 | ||
|---|---|---|---|
| 001 | 17970506 | ||
| 005 | 20171226072038.0 | ||
| 008 | 131212s2013 oncab b 001 0 eng | ||
| 010 | _a 2013474802 | ||
| 020 | _a9781442607651 (hardcover) | ||
| 040 |
_aDLC _beng _erda _cDLC _dDLC |
||
| 041 | _aeng | ||
| 042 | _apcc | ||
| 043 | _an-us--- | ||
| 080 | _a320.0973 BRO | ||
| 082 | 0 | 0 |
_a320.0973 BRO _223 |
| 100 | 1 | _a19 | |
| 101 | _aPOL | ||
| 245 | 1 | 0 |
_aUnderstanding American politics / _cStephen Brooks, Douglas L. Koopman, J. Matthew Wilson. |
| 504 | _aIncludes bibliographical references and index. | ||
| 906 |
_a7 _bcbc _corignew _d2 _encip _f20 _gy-gencatlg |
||
| 942 |
_2ddc _cBK |
||
| 999 |
_c39400 _d39400 |
||